000 00279nam a22001337a 4500
008 180223b xxu||||| |||| 00| 0 eng d
020 _a1882483324
041 _aeng
080 _a371
100 _a25
101 _aEDU
245 _aDrawing Out
_cBassano, SH
942 _2udc
_cBK
999 _c43270
_d43270